Country by Historical Image #2 - Statistics

General Stats
  • This quiz has been taken 22 times
  • The average score is 8 of 16
Answer Stats
Picture Answer % Correct
Iran
78%
Haiti
72%
Sudan
72%
Turkey
72%
Cambodia
67%
Germany
67%
Australia
61%
Iceland
50%
Spain
50%
Brazil
44%
Colombia
44%
Uzbekistan
39%
Canada
33%
Somalia
33%
Ukraine
28%
Mali
22%
No matching quizzes found
Score Distribution
Percent of People with Each Score
Percentile by Number Answered
Your Score History
You have not taken this quiz